Culture générale #4 - Statistiques

Statistiques générales
  • Ce quiz a été pris 2 122 fois
  • Le résultat moyen est 7 sur 18
Statistiques - réponses
Question Réponse % Correct
Quel est l'animal terrestre le plus rapide au monde ? Le guépard
90%
Quelle montagne est la plus haute d'Afrique ? Kilimandjaro
77%
Quel organe du corps humain produit la bile ? Le foie
77%
Quelle est la plus grande île méditerranéenne ? La Sicile
76%
Quelle science humaine a pour objet les phénomènes sociaux ? La sociologie
72%
En quelle année eu lieu le Génocide des Tutsis au Rwanda ? 1994
55%
Qui était le chantre du Spleen ? Charles Baudelaire
54%
Qu'est-ce que sont la Carole, le Locking et la Mazurka ? Des danses
47%
Contre qui Claus von Stauffenberg organisa un attentat ? Adolf Hitler
39%
Avant un combat de sumo, que jettent les lutteurs sur la zone de combat ? Du sel
33%
Quel grec, auteur des Histoires, est généralement considéré comme le premier historien moderne ? Hérodote
18%
Quel objet céleste la sonde spaciale New Horizons a photographié en juillet 2015 ? Pluton
15%
Qui écrivit et réalisa La Règle du Jeu, film sorti en salles en 1939 ? Jean Renoir
12%
Qui a peint Carré blanc sur fond blanc en 1918 ? Kasimir Malevitch
7%
Quel mangaka est l'auteur d'Astro, le petit robot (Astro Boy) ? Osamu Tezuka
6%
Quel site internet de réseau social est le plus utilisé en Chine ? Weibo
6%
Qui a inventé la lampe à incandescence ? Joseph Swan
2%
Comment s'appelle le premier sermon de Bouddha donné après avoir atteint l'éveil ? Mise en route de la roue de la Loi
1%
Aucun quiz correspondant
Distribution des résultats
% des personnes avec chaque résultat
Percentile par nombre de réponses
Votre historique - résultats
Vous n’avez pas pris ce quiz